| 000 | 00460cam a2200169ua 4500 | ||
|---|---|---|---|
| 020 | _c3.95 | ||
| 041 |
_aeng _h |
||
| 082 |
_a421.52 _bMAI/CO |
||
| 100 | _aMaison, Margaret . | ||
| 245 |
_aCorrect spelling punctuation and pronounciation / _cMargaret M Maison. _hTextual Documents |
||
| 260 |
_aMumbai : _bD B Taraporevala sons & Co. Pvt. Ltd. , _c1965. |
||
| 300 | _a139 ; . | ||
| 365 | _a3.95 | ||
| 504 | _a | ||
| 942 | _cBK | ||
| 999 |
_c12447 _d12447 |
||